000 01241cam a22001934a 4500
005 20250605164056.0
008 250528s ||||||||||||||||||||||||d
035 _a17477
020 _a9602323248
040 _aGR-AtMCL
_bgre
_dGR-AtMCL
_eAACR2
245 1 _aΠνευματική Ιδιοκτησία / Έκτη Έκδοση
260 _bΑντ. Ν. Σάκκουλα,
_c1995
300 _a606
520 _aΠρόλογος, Συντομογραφίες, Εισαγωγή, Η Διεθνής Προστασία, Το Αντικείμενο του Δικαιώματος, Το Υποκείμενο του Δικαιώματος, Το Περιεχόμενο του Δικαιώματος, Οι Περιορισμοί του Δικαιώματος, Συμβάσεις Περί του Δικαιώματος, Τα Συγγενικά Δικαιώματα, Η Προστασία των Δικαιωμάτων, Νομοθετικά κείμενα, Βιβλιογραφία, Ευρετήριο Νομοθετικών Πηγών, Ευρετήριο Ελληνικής Νομολογίας, Αλφαβητικό Ευρετήριο.
700 1 _aΚουμαντός Γιώργος Α
_93614
942 _cBK
999 _c2887
_d2887